<?xml version="1.0" encoding="UTF-8"?>
<record
    xmlns:xsi="http://www.w3.org/2001/XMLSchema-instance"
    xsi:schemaLocation="http://www.loc.gov/MARC21/slim http://www.loc.gov/standards/marcxml/schema/MARC21slim.xsd"
    xmlns="http://www.loc.gov/MARC21/slim">

  <leader>02751nam a2200373 a 4500</leader>
  <controlfield tag="001">Z_6621</controlfield>
  <controlfield tag="003">CHAP</controlfield>
  <controlfield tag="005">20251023100651.0</controlfield>
  <controlfield tag="007">ta</controlfield>
  <controlfield tag="008">220113s2003    mx ad  fr     001 0 spa d</controlfield>
  <datafield tag="010" ind1=" " ind2=" ">
    <subfield code="a">169893</subfield>
  </datafield>
  <datafield tag="020" ind1=" " ind2=" ">
    <subfield code="a">84-8476-085-5</subfield>
  </datafield>
  <datafield tag="040" ind1=" " ind2=" ">
    <subfield code="a">Z</subfield>
    <subfield code="c">CHAP</subfield>
  </datafield>
  <datafield tag="041" ind1="0" ind2=" ">
    <subfield code="b">Espa&#xF1;ol</subfield>
    <subfield code="f">Espa&#xF1;ol</subfield>
  </datafield>
  <datafield tag="082" ind1="0" ind2="0">
    <subfield code="a">630.25 </subfield>
    <subfield code="b">F47 2003</subfield>
    <subfield code="2">20</subfield>
  </datafield>
  <datafield tag="100" ind1="1" ind2=" ">
    <subfield code="a">Fern&#xE1;ndez Al&#xE9;s, Roc&#xED;o</subfield>
    <subfield code="9">40115</subfield>
    <subfield code="e">autor</subfield>
  </datafield>
  <datafield tag="245" ind1="1" ind2="0">
    <subfield code="a">Ecolog&#xED;a para la agricultura  /</subfield>
    <subfield code="c">Roc&#xED;o Fern&#xE1;ndez Ales y Mar&#xED;a Jos&#xE9; Leiva Morales</subfield>
  </datafield>
  <datafield tag="264" ind1=" " ind2="1">
    <subfield code="a">Espa&#xF1;a :</subfield>
    <subfield code="b">Mundi-Prensa,</subfield>
    <subfield code="c">2003</subfield>
  </datafield>
  <datafield tag="300" ind1=" " ind2=" ">
    <subfield code="a">223 p&#xE1;ginas :</subfield>
    <subfield code="b">ilustraciones, gr&#xE1;ficas, diagramas</subfield>
  </datafield>
  <datafield tag="336" ind1=" " ind2=" ">
    <subfield code="2">rdacontent</subfield>
    <subfield code="a"> texto</subfield>
    <subfield code="b">txt</subfield>
  </datafield>
  <datafield tag="337" ind1=" " ind2=" ">
    <subfield code="2">rdamedia</subfield>
    <subfield code="a">sin medio</subfield>
    <subfield code="b">n</subfield>
  </datafield>
  <datafield tag="338" ind1=" " ind2=" ">
    <subfield code="2">rdacarrier</subfield>
    <subfield code="a">volumen</subfield>
    <subfield code="b">nc</subfield>
  </datafield>
  <datafield tag="500" ind1=" " ind2=" ">
    <subfield code="a">ej.1: consumo \ ej.2: consumo \ ej.3: S/N (sin sellos)</subfield>
  </datafield>
  <datafield tag="504" ind1=" " ind2=" ">
    <subfield code="a">Bibliograf&#xED;a: p&#xE1;ginas 221 - 223</subfield>
  </datafield>
  <datafield tag="505" ind1="0" ind2=" ">
    <subfield code="a">Primera parte: Introducci&#xF3;n -- 1. Ecolog&#xED;a -- 2. El ecosistema -- 3. Ecosistemas agrarios -- 4. Agricultura e impacto ambiental -- Segunda parte: Estructura y funci&#xF3;n de ecosistemas y agroecosistemas -- 5. Producci&#xF3;n primaria y biomasa vegetal -- 6. Producci&#xF3;n secundaria y biomasa animal -- 7. Control de plagas -- 8. La materia org&#xE1;nica muerta y su descomposici&#xF3;n -- 9. Circulaci&#xF3;n de materia en el ecosistema -- 10. La energ&#xED;a en los agroecosistemas -- 11. Contaminaci&#xF3;n -- 12. Diversidad y biodiversidad -- 13. Cambios en el ecosistema. Sucesi&#xF3;n y regresi&#xF3;n -- 14. Paisajes agrarios -- Tercera parte: Agricultura y cambio global -- 15. Ciclos biogeoqu&#xED;micos -- 16. El ciclo del agua -- Glosario -- Referencias bibliogr&#xE1;ficas.</subfield>
  </datafield>
  <datafield tag="520" ind1="2" ind2=" ">
    <subfield code="a">Esta obra supone una s&#xED;ntesis rigurosa de una serie de aspectos fundamentales de la ecolog&#xED;a asequibles a personas no especializadas en la materia pero que requieren de un conocimiento b&#xE1;sico de la misma. Dentro del vasto campo de estudio que aborda la ecolog&#xED;a, la obra se centra en los procesos que se dan en el ecosistema o a un nivel de organizaci&#xF3;n superior (flujo de energ&#xED;a, ciclo de materiales, producci&#xF3;n primaria y secundaria, diversidad y biodiversidad, sucesi&#xF3;n, ciclos biogeoqu&#xED;micos...), no entrando en materias como la autoecolog&#xED;a de poblaciones, aspectos estos que se cubren bien en otros textos recientemente publicados en espa&#xF1;ol. La obra se ha desarrollado dando un enfoque ecol&#xF3;gico a la agricultura, una lectura desde la ecolog&#xED;a de un quehacer humano que forma parte de un mundo mucho m&#xE1;s complejo y que interacciona con &#xE9;l.</subfield>
  </datafield>
  <datafield tag="650" ind1=" " ind2=" ">
    <subfield code="a">Agricultura </subfield>
    <subfield code="x"> Aspectos ambientales</subfield>
    <subfield code="9">145387</subfield>
  </datafield>
  <datafield tag="650" ind1=" " ind2=" ">
    <subfield code="a">Ecolog&#xED;a agr&#xED;cola</subfield>
    <subfield code="9">35165</subfield>
  </datafield>
  <datafield tag="700" ind1="1" ind2=" ">
    <subfield code="a">Leiva Morales, Mar&#xED;a Jos&#xE9;</subfield>
    <subfield code="9">145388</subfield>
    <subfield code="e">autor</subfield>
  </datafield>
  <datafield tag="901" ind1=" " ind2=" ">
    <subfield code="a">630.25 F47 2003</subfield>
  </datafield>
  <datafield tag="902" ind1=" " ind2=" ">
    <subfield code="a">M</subfield>
  </datafield>
  <datafield tag="910" ind1=" " ind2=" ">
    <subfield code="a">2003</subfield>
  </datafield>
  <datafield tag="942" ind1=" " ind2=" ">
    <subfield code="c">LIBRO</subfield>
    <subfield code="2">ddc</subfield>
  </datafield>
  <datafield tag="999" ind1=" " ind2=" ">
    <subfield code="c">169893</subfield>
    <subfield code="d">169893</subfield>
  </datafield>
  <datafield tag="952" ind1=" " ind2=" ">
    <subfield code="0">0</subfield>
    <subfield code="1">0</subfield>
    <subfield code="2">ddc</subfield>
    <subfield code="4">0</subfield>
    <subfield code="5">1</subfield>
    <subfield code="7">0</subfield>
    <subfield code="8">GRAL</subfield>
    <subfield code="a">Z</subfield>
    <subfield code="b">Z</subfield>
    <subfield code="d">2015-04-01</subfield>
    <subfield code="e">Compra Libreria UACh No. 34859</subfield>
    <subfield code="o">630.25 F47</subfield>
    <subfield code="p">z_3307</subfield>
    <subfield code="r">2022-01-18 00:00:00</subfield>
    <subfield code="t">Ej.1</subfield>
    <subfield code="w">2022-01-18</subfield>
    <subfield code="y">LIBRO</subfield>
  </datafield>
  <datafield tag="952" ind1=" " ind2=" ">
    <subfield code="0">0</subfield>
    <subfield code="1">0</subfield>
    <subfield code="2">ddc</subfield>
    <subfield code="4">0</subfield>
    <subfield code="5">1</subfield>
    <subfield code="7">0</subfield>
    <subfield code="8">GRAL</subfield>
    <subfield code="a">Z</subfield>
    <subfield code="b">Z</subfield>
    <subfield code="d">2015-04-01</subfield>
    <subfield code="e">Compra Libreria UACh No. 34859</subfield>
    <subfield code="o">630.25 F47</subfield>
    <subfield code="p">z_3308</subfield>
    <subfield code="r">2022-01-18 00:00:00</subfield>
    <subfield code="t">Ej.2</subfield>
    <subfield code="w">2022-01-18</subfield>
    <subfield code="y">LIBRO</subfield>
  </datafield>
  <datafield tag="952" ind1=" " ind2=" ">
    <subfield code="0">0</subfield>
    <subfield code="1">0</subfield>
    <subfield code="2">ddc</subfield>
    <subfield code="4">0</subfield>
    <subfield code="5">1</subfield>
    <subfield code="7">0</subfield>
    <subfield code="8">GRAL</subfield>
    <subfield code="a">Z</subfield>
    <subfield code="b">Z</subfield>
    <subfield code="d">2025-10-23</subfield>
    <subfield code="e">Compra</subfield>
    <subfield code="i">S/N</subfield>
    <subfield code="l">0</subfield>
    <subfield code="o">630.25 F47 2003</subfield>
    <subfield code="p">5102007644</subfield>
    <subfield code="r">2025-10-23 10:31:17</subfield>
    <subfield code="t">Ej.3</subfield>
    <subfield code="w">2025-10-23</subfield>
    <subfield code="y">LIBRO</subfield>
  </datafield>
</record>
